000 00656nam a22002177a 4500
003 OSt
005 20160725182050.0
008 160725b xxu||||| |||| 00| 0 eng d
020 _a978-0-415-41237-7
040 _cLIC
082 _22007
_aDC 320.3
_bL23
100 _911902
_aLandman, Todd
245 _aIssues and methods in comparative politics:
_ban introduction/
_cTodd Landman.
250 _aThird Edition
260 _aLondon:
_bRoutledge,
_cc2007.
300 _axxi, 355 pages;
_c24 cm.
365 _b2,545.00
_cPhp
500 _aIncludes glossary, bibliographical references and index.
650 0 _911904
_aComparative politics
942 _2ddc
_cDC
999 _c3573
_d3573